| 000 | 00598nam a2200241 a 4500 | ||
|---|---|---|---|
| 001 | nice12345678 | ||
| 003 | IN_TiNIC | ||
| 005 | 20260116013747.0 | ||
| 008 | 050524s1995 newa grp 000 0 eng | ||
| 020 |
_a8173042 _c150 |
||
| 082 | 0 | 0 |
_a294.609 _bSIN |
| 100 | _aSingh, Harbans | ||
| 245 | _aBerkeley Lectures on Sikhism | ||
| 260 |
_aNew Delhi _bManohar Pub. _c1995 |
||
| 300 | _a102p | ||
| 500 | _aincludes index and biblioraphy | ||
| 505 | 2 | _aGlossary, Index | |
| 650 | _aSikhism-History | ||
| 700 | 1 | _aSingh, Harbans | |
| 902 | _bSRS | ||
| 942 | _cBK | ||
| 999 |
_c12354 _d12354 |
||